000 00906nmm a2200277 a 4500
001 ocm0001411542
003 TR-IsHL
005 20201028163832.0
008 160220s2014 tu tur
007 cr cn
020 _a9786051623313
035 _a1411542
_b(N$T)
050 0 4 _aPL248.K38
_bM3 2014
090 0 4 _aPL248.K38
_bM3 2014
100 1 _aKavaklı, Ali Erkan
245 1 0 _aMahşer: ahiret hesabına hazırlanan genç
_h[electronic resource] /
_cAli Erkan Kavaklı ; Faruk Güneş
260 _aİstanbul :
_bNesil Yayınları,
_c2014
300 _a256 p.
650 4 _aDil ve Edebiyat
650 4 _aLanguage and Literature
650 0 _aTürk romanı
650 0 _aTurkish fiction
650 7 _aLITERARY COLLECTIONS / Middle Eastern
_2bisacsh
700 1 _aGüneş, Faruk
856 4 0 _uhttp://search.ebscohost.com/login.aspx?direct=true&scope=site&db=e011xww&AN=1411542
999 _c15454
_d15454